Minh tâm bảo giám Gương quý soi sáng tâm hồn

Uloženo v:
Podrobná bibliografie
Hlavní autor: Nguyễn, Nguyên Quân (Dịch, chú thích)
Médium: Kniha
Jazyk:Vietnamese
Vydáno: Đồng Nai Đồng Nai 2011
Témata:
Tagy: Přidat tag
Žádné tagy, Buďte první, kdo otaguje tento záznam!
Thư viện lưu trữ: Trung tâm Học liệu Lê Vũ Hùng, Trường Đại học Đồng Tháp
LEADER 00952pam a22003258a 4500
001 00032786
005 20171026081025.0
008 141126s2011 ||||||viesd
020 |c 27000 
041 0 # |a vie 
082 1 4 |a 170  |b M312T 
100 1 # |a Nguyễn, Nguyên Quân  |e Dịch, chú thích 
245 1 4 |a Minh tâm bảo giám  |c Nguyễn Nguyên Quân (dịch, chú thích)  |b Gương quý soi sáng tâm hồn 
250 |b Tái bản có sửa chữa, bổ sung 
260 # # |a Đồng Nai  |b Đồng Nai  |c 2011 
300 # # |a 319 tr.  |c 21 cm. 
653 # # |a Trung Hoa 
653 # # |a Tâm hồn 
653 # # |a Triết học 
653 # # |a Đạo đức 
852 # # |b Kho đọc  |j KD.0016298 
852 # # |j KD.0016298 
910 |d 26/11/2014 
980 # # |a Trung tâm Học liệu Lê Vũ Hùng, Trường Đại học Đồng Tháp